Tatra banka výročná správa 2001

Gespeichert in:
Bibliographische Detailangaben
Format: Buch
Sprache:Slowakisch
Veröffentlicht: Bratislava Tatra banka, a. s. [2002]
Schlagworte:
Tags: Tag hinzufügen
Keine Tags, Fügen Sie das erste Tag hinzu!

MARC

LEADER 00000nam$a2200000$$$4500
001 0004166
005 20240108123829.4
041 0 |a slo 
044 |a SK 
245 1 0 |a Tatra banka  |b výročná správa 2001 
264 1 |a Bratislava  |b Tatra banka, a. s.  |c [2002] 
300 |a 59 s. 
610 2 0 |a banky 
610 2 0 |a bankovníctvo 
610 2 0 |a závierka účtovná 
610 2 0 |a audit 
610 2 0 |a zisk 
610 2 0 |a manažment 
610 2 0 |a služby bankové